Húszéves a Szeged
Elmentve itt :
| Dokumentumtípus: | Cikk |
|---|---|
| Megjelent: |
2008-11-29
|
| Sorozat: | Délmagyarország
98 No. 279 |
| Kulcsszavak: | Szeged, Folyóirat Szeged várostörténeti, Somogyi-könyvtár (Szeged) |
| Online Access: | http://dmarchiv.bibl.u-szeged.hu/141039 |
| LEADER | 00448nab a2200145 i 4500 | ||
|---|---|---|---|
| 001 | delm141039 | ||
| 005 | 20200102111010.0 | ||
| 008 | 200102s2008 hu o 0|| hun d | ||
| 040 | |a SZTE Délmagyarország Archívum |b hun | ||
| 041 | |a hun | ||
| 245 | 0 | 0 | |a Húszéves a Szeged |h [elektronikus dokumentum] |
| 260 | |c 2008-11-29 | ||
| 300 | |a 4 | ||
| 490 | 0 | |a Délmagyarország |v 98 No. 279 | |
| 695 | |a Szeged, Folyóirat Szeged várostörténeti, Somogyi-könyvtár (Szeged) | ||